| 000 | 00734nam a2200277Ia 4500 | ||
|---|---|---|---|
| 003 | OSt | ||
| 005 | 20221007110726.0 | ||
| 006 | a|||||r|||| 00| 0 | ||
| 007 | ta | ||
| 008 | 221006b |||||||| |||| 00| 0 eng d | ||
| 020 | _a0091151503 | ||
| 024 | _a21,706 | ||
| 037 | _cTextual | ||
| 040 |
_aLCO _cLCO _beng |
||
| 041 |
_2eng _aeng |
||
| 082 | _aX:97k, L3 | ||
| 100 |
_aMarsh A.I. _9283014 |
||
| 245 | 0 | _aDictionary of Industrial Relations | |
| 260 |
_aLondon _bHutchinson Educational Ltd. U.K. _c1973 |
||
| 300 | _a415 | ||
| 650 | _a DICTIONARY | ||
| 650 | _aINDUSTRIAL RELATION | ||
| 700 |
_a Evans E.O. _9283016 |
||
| 942 |
_hX:97k, L3 _cTEXL |
||
| 999 |
_c1191269 _d1191269 |
||